000
00321nam a2200121Ia 4500
008
191201s2014 xx 000 0 und d
100
_a
HELFAND, Lewis
245
0
_a
They Changed the World Edison Tesla Bell
260
_b
KALYANI NAVYOG MEDIA PVT LTD
_c
2014
300
_a
98
650
_a
General Books
942
_2
ddc
_c
BK
999
_c
6788
_d
6788